A-Z Start, A-Z End (Countries) Quiz Stats

Quiz not verified by Sporcle

Challenge
Share
Tweet
Embed
Score 0/105 Timer 10:00
0 Plays Today
Start Letter Country % Correct
AAlbania,..
98.4%
CCambodia,..
91.6%
BBolivia,..
89.2%
GGhana,..
88.5%
JJapan,..
86.9%
IIraq
86.8%
IIran
86.3%
DDenmark
86%
AAfghanistan,..
85.8%
EEstonia,..
85.6%
IIndia,..
85.3%
IIceland,..
84.2%
FFinland
84%
BBahrain,..
83.3%
LLatvia,..
83.3%
MMacedonia,..
83.2%
FFiji
82.9%
OOman
82.8%
SSaint Lucia,..
82.8%
RRomania,..
82.6%
BBahamas,..
82.5%
QQatar
82.3%
NNamibia,..
81.9%
FFrance
81.6%
JJamaica
80.5%
BBelize
80.2%
MMexico,..
79.9%
HHonduras
79.8%
HHaiti
79.2%
PPoland
79.1%
LLaos
78.5%
BBrunei,..
78.3%
PParaguay
78.3%
PPalau,..
78.2%
CChile,..
77.5%
Start Letter Country % Correct
UUruguay
77.4%
DDjibouti
77.2%
SSpain,..
76.9%
IItaly
76.5%
HHungary
76.4%
UUganda,..
76.1%
YYemen
76.1%
GGermany
75.8%
ZZimbabwe
75.4%
MMalawi,..
75.1%
PPanama,..
74.9%
ZZambia
74.9%
CComoros,..
74.5%
CChad
73.6%
TTanzania,..
73.5%
DDominica
73.1%
KKenya
72.9%
MMadagascar,..
72.6%
EEcuador,..
72.1%
LLebanon,..
71.9%
NNauru
71.9%
IIsrael
71.8%
BBrazil
71.7%
CCzech Republic,..
71.7%
KKiribati
71.7%
VVietnam
71.7%
LLesotho
71.1%
KKazakhstan,..
70.9%
NNorway
70.9%
MMaldives,..
70.7%
BBangladesh
70.5%
DDominican Republic
70.5%
KKuwait
69.9%
NNepal
69.4%
TTurkey
69.1%
Start Letter Country % Correct
TThailand
68.5%
VVenezuela
68.5%
TTogo,..
68.4%
VVanuatu
68.4%
TTaiwan,..
68.2%
TTuvalu
67.8%
GGabon
67.4%
SSwaziland,..
67.2%
SSeychelles,..
66.4%
BBelgium
66.2%
SSuriname,..
66.1%
EEgypt
64.7%
SSenegal
64.2%
UUnited Kingdom
62.8%
NNetherlands
62.7%
CCameroon
61.5%
GGuinea-Bissau
61.3%
UUzbekistan
61%
GGreece
60.8%
KKosovo
60.8%
PPortugal
60.7%
UUnited Arab Emirates,..
60.3%
DDemocratic Republic of the Congo
60.1%
NNew Zealand
59.7%
UUkraine
59.4%
LLuxembourg
59.3%
BBurkina Faso
58.3%
NNiger
57.4%
PPhilippines
53.8%
VVatican City
53%
PPakistan
51.4%
RRepublic of the Congo
47.9%
SSan Marino
39.3%
MMozambique
39.2%
TTimor-Leste
39%

You're not logged in!

Compare scores with friends on all Sporcle quizzes.
Sign Up with Email
OR
Log In

You Might Also Like...

Show Comments

Extras

Top Quizzes Today


Score Distribution

Your Account Isn't Verified!

In order to create a playlist on Sporcle, you need to verify the email address you used during registration. Go to your Sporcle Settings to finish the process.

Report this User

Report this user for behavior that violates our Community Guidelines.

Details: